000 00339nam a2200145Ia 4500
008 191201s2010 xx 000 0 und d
082 _a004.6
_bFOD
100 _aFOROUZAN, Behrouz
245 0 _aData Communication and Networking
250 _a17 th
260 _aN.Delhi
_bTMH
_c2010
300 _a1134
650 _aMCA
942 _2ddc
_cBK
999 _c4709
_d4709